000 00610nam a2200253Ia 4500
005 20260330155111.0
008 008 300114s9999 xx 000 0 eng d
020 _a9781119524014
037 _aEBOOK
040 _aCRL
040 _beng
040 _cCRL
041 _2eng
041 _aeng
084 _qCRL
245 4 _aThe Israel-Palestine Conflict: Contested Histories, 2nd Edition
260 _bWiley
260 _c2019
650 _aHistory
856 _uhttps://wileysgp.ipublishcentral.net/product-details/11374
942 _cEBOOK
999 _c1843910
_d1843910